Moje šílené století /

Uloženo v:
Hlavní autor: Klíma, Ivan, 1931-2025 (Autor)
Médium: Kniha
Jazyk:Czech
Vydáno: Praha : Academia, 2009
Vydání:Vyd. 1.
Edice:Paměť
Témata:
Celkem bylo vypůjčeno:24x
Tagy:
Žádné tagy
LEADER 01019nam a2200277 a 4500
001 70066
005 20251007151230.0
008 090519s2009----xr ---------u-------cze-d
015 |a cnb001930388 
020 |a 978-80-200-1697-3 :  |c 395.00 Kč 
040 |a UOG502  |e AACR2  |9 1  |b cze 
080 |a 929 
080 |a 885.0 
100 1 |a Klíma, Ivan,  |d 1931-2025  |7 jk01060513  |4 aut  |9 20526 
245 1 0 |a Moje šílené století /  |c Ivan Klíma 
250 |a Vyd. 1. 
260 |a Praha :  |b Academia,  |c 2009 
300 |a 526 s., [8] s. obr. příl. 
490 1 |a Paměť. sv. 17 
504 |a Obsahuje bibliografii 
653 |a Klíma, Ivan, 1931-  |a biografie  |a vzpomínky  |a autobiografie  |a spisovatelé  |a čeští spisovatelé 
830 0 |a Paměť 
910 |a UOG502 
999 |c 70066  |d 70066 
942 0 0 |0 19 
993 |0 0  |1 421180070680  |4 0  |6 929_000000000000000  |7 0  |9 51885  |a 284.40  |b 0  |c 70680  |d 2009-05-19  |e 24  |f DOSP  |g 929  |h 395.00  |i Pemic, knižní velkoobchod, Ostrava - Por  |j 127  |l DOSP  |m 5  |r 2026-01-23  |s 2025-12-11  |t 5  |w 2017-09-19  |y KN  |z NAUCNA  |v V